| 000 | 01024cab a2200241 4500 | ||
|---|---|---|---|
| 001 | ##L133420 | ||
| 008 | 060508n2006 000 0 eng u | ||
| 035 | _a(Sirsi) u133420 | ||
| 041 | 0 | _aeng | |
| 100 | 1 | _aGrant, Jamie | |
| 245 | 0 | 0 | _aPlanning gain supplement - another try at development land tax? |
| 260 | _c2006 | ||
| 490 | 0 |
_aRICS Website News _v16 March 2006 |
|
| 520 | _aProvides a broad outline of the proposals prior to the Budget on 22 March 2006 from a Scottish perspective. Responds to key questions and suggests what is wrong with the proposals. | ||
| 650 | 2 | 4 | _aPLANNING GAIN SUPPLEMENT |
| 650 | 2 | 4 | _aSECTION 75 AGREEMENTS |
| 650 | 2 | 4 | _aTOWN AND COUNTRY PLANNING (SCOTLAND) ACT 1997 S75 |
| 690 | _aENVIRONMENTAL AND LAND CONSULTANCY-PLANNING AND DEVELOPMENT-PLANNING REFORM | ||
| 700 | _aD'Inverno, Isobel | ||
| 710 | 2 |
_aMacRoberts Solicitors _93990 |
|
| 856 | 4 | 0 |
_uhttps://www.rics.org/RICSWEB/getpage.aspx?p=Vs-ilLuQA0SFIoA1tc7Wqg _zView the item free of charge at www.rics.org... |
| 942 | _n0 | ||
| 999 |
_c76994 _d76994 |
||